[Event "3rd Sharjah Masters 2019"]
[Site "Sharjah"]
[Date "2019.03.26"]
[Round "5.15"]
[White "Dhulipalla Bala Chandra Prasa"]
[Black "Vishnu, Prasanna. V"]
[Result "1/2-1/2"]
[WhiteElo "2384"]
[BlackElo "2524"]
[Annotator "TA"]
[PlyCount "103"]
[EventDate "2019.03.22"]
[EventType "swiss"]
[EventCountry "UAE"]
[SourceTitle "playchess.com"]
[Source "ChessBase"]
[SourceQuality "1"]

{[%evp 9,103,0,35,13,21,23,19,28,22,14,23,-7,0,-6,36,35,36,30,52,31,39,40,62,60,72,60,74,72,69,69,71,75,132,143,104,50,67,51,62,66,89,47,47,45,45,0,18,0,41,0,58,57,61,47,46,36,40,25,43,31,83,0,0,0,0,0,0,-12,-14,-10,-11,-20,-14,-24,0,0,0,0,0,-30,-4,-2,22,21,8,8,8,8,8,8,16,0,0,8,53,53]} 1. d4 Nf6 2. c4 e6 3. g3 d5 4. Nf3 Bb4+ 5. Bd2 Bd6 6. Nc3 {E01: Catalan: Early deviations} O-O 7. Bg5 c6 8. Bg2 {The position is equal.} h6 9. Bxf6 Qxf6 10. c5 Bc7 11. e4 $36 {[%mdl 2048] White fights for an advantage.} Qd8 12. O-O Nd7 $146 ({Predecessor:} 12... b6) 13. Re1 Ba5 14. Qa4 b5 15. Qb3 b4 16. Nb1 Ba6 17. Nbd2 Bb5 18. exd5 exd5 19. Bf1 {Strongly threatening Bxb5.} a6 20. Re3 Re8 (20... Qc8 $142) 21. Rxe8+ $16 Qxe8 22. Re1 ({Better is} 22. Bxb5 $16 axb5 23. a3) 22... Qd8 23. Bh3 Nf8 24. Qe3 Bc7 25. Qe7 Ng6 26. Qxd8+ Rxd8 27. Bf1 Nf8 28. Bh3 Ng6 29. Bf1 Kf8 ({Black should play} 29... Nf8 $11) 30. Bxb5 $14 axb5 31. Nb3 Ra8 32. Nc1 Ne7 33. Kf1 Nf5 34. Ke2 Bd8 (34... g5 $14) 35. Kd3 (35. g4 $16 Ne7 36. Kd1) 35... Bf6 $11 36. Ne5 Bxe5 $1 37. Rxe5 {[%mdl 4096] Endgame KRN-KRN} g6 38. g4 Ng7 39. f4 f6 40. Re2 Kf7 41. Rf2 h5 42. h3 hxg4 43. hxg4 Rh8 44. Kd2 Rh4 45. Nd3 Ne6 46. Nxb4 Nxd4 47. Ke3 Ne6 48. Nxc6 Rxg4 49. b4 Rh4 50. Nd4 Rh3+ 51. Rf3 Rh2 52. Nxb5 {Accuracy: White = 44%, Black = 46%.} 1/2-1/2

[Event "3rd Sharjah Masters 2019"]
[Site "Sharjah"]
[Date "2019.03.26"]
[Round "5.16"]
[White "Vokhidov, Shamsiddin"]
[Black "Shailesh, Dravid"]
[Result "1-0"]
[WhiteElo "2494"]
[BlackElo "2316"]
[Annotator "TA"]
[PlyCount "93"]
[EventDate "2019.03.22"]
[EventType "swiss"]
[EventCountry "UAE"]
[SourceTitle "playchess.com"]
[Source "ChessBase"]
[SourceQuality "1"]

{[%evp 20,93,26,10,38,18,19,14,20,12,10,8,12,6,6,0,0,-7,-8,-14,16,-10,-15,-22,-16,-27,0,-31,59,-22,0,0,0,-64,49,0,0,0,75,83,102,107,109,114,94,104,124,127,140,143,158,154,152,160,195,195,215,203,217,210,215,203,210,195,195,195,222,201,200,209,627,627,606,620,902,902]} 1. e4 c5 2. Nc3 Nc6 3. Nf3 e5 4. Bc4 Be7 5. d3 Nf6 6. Ng5 O-O 7. f4 exf4 8. Bxf4 d6 9. O-O h6 10. Nf3 Be6 11. Nd5 Na5 {B30: Sicilian: 2...Nc6 3 Bb5, lines without ...g6} (11... Qd7 {is interesting.} 12. Bd2 Bd8 13. a4 Nb4 14. Bb5 Qc8) (11... Qd7 12. c3 Rae8 13. a4 Bd8 14. Qd2 a6 15. Qf2 Bxd5 16. Bxd5 Nxd5 17. exd5 Ne7 18. Qg3 Kh7 19. c4 {0-1 (72) Navara,D (2727)-Krasenkow,M (2631) Poland 2018}) 12. b3 $146 ({Predecessor:} 12. Nxe7+ Qxe7 13. Bxe6 Qxe6 14. Nh4 Nc6 15. Nf5 Rfd8 16. Qf3 Kh7 17. Qg3 Nh5 18. Qg4 Qg6 19. Qh3 {0-1 (37) Barski,R (2431)-Tzermiadianos,A (2437) Rio Achaea 2018}) 12... Nxd5 13. Bxd5 Nc6 {The position is equal.} 14. c4 Bf6 15. Rb1 Qd7 16. Kh1 Rfe8 17. Bxc6 Qxc6 18. b4 a6 19. a4 Rad8 20. Be3 Bc3 21. b5 axb5 22. Rxb5 Bd7 23. Qc1 Bb4 (23... Bf6 $1 $15) 24. a5 ({Better is} 24. Nh4 $1 $14) 24... Qc8 25. Rxb4 cxb4 {[#]} 26. Bb6 (26. Bxh6 $1 $11 {[%mdl 512]} Qc5 (26... gxh6 27. Qxh6) 27. Bd2) 26... Ba4 (26... f5 $15 27. Qb2 fxe4 28. dxe4 Bc6 29. Bxd8 Qxd8 30. Qxb4 Rxe4) 27. Qa1 Bc2 28. Ne1 $1 {[%cal Re1c2]} Bxd3 (28... b3 $1 $11) 29. Nxd3 $16 Qxc4 30. Nb2 Qxe4 {White must now prevent ...Rc8.} 31. Bxd8 Rxd8 32. Qb1 $36 {[%mdl 2048] White is really pushing.} d5 33. Nd3 d4 34. Nxb4 d3 35. Rd1 Qf5 {next ...Qb5 is good for Black.} 36. Nxd3 Qxa5 37. Qxb7 Qc3 38. Qb1 g6 39. h3 h5 40. Nf2 Re8 41. Rf1 Qd4 42. Nd3 Re3 43. Nf4 {aiming for Nxg6!} Qd6 44. Qb7 Qf6 $2 (44... Qe7 45. Qa8+ Qe8) 45. Qc8+ $18 {White is clearly winning.} Kh7 46. Qc4 Qf5 {[#]} 47. Nxh5 $1 {[%mdl 512] Accuracy: White = 66%, Black = 34%.} 1-0

[Event "3rd Sharjah Masters 2019"]
[Site "Sharjah"]
[Date "2019.03.26"]
[Round "5.17"]
[White "Nigmatov, Ortik"]
[Black "Koniahli, Malek."]
[Result "0-1"]
[WhiteElo "2478"]
[BlackElo "2294"]
[Annotator "ChessBase"]
[PlyCount "48"]
[EventDate "2019.03.22"]
[EventType "swiss"]
[EventCountry "UAE"]
[SourceTitle "playchess.com"]
[Source "ChessBase"]
[SourceQuality "1"]
[TimeControl "5400+30"]

1. e4 {[%emt 0:00:00]} e5 {[%emt 0:00:00]} 2. Nf3 {[%emt 0:00:00]} Nc6 {[%emt 0:00:00]} 3. Bb5 {[%emt 0:00:11]} a6 {[%emt 0:00:04]} 4. Ba4 {[%emt 0:00:04]} Nf6 {[%emt 0:00:06]} 5. O-O {[%emt 0:00:11]} Nxe4 {[%emt 0:00:05]} 6. Re1 {[%emt 0:05:16]} Nc5 {[%emt 0:00:37]} 7. Bxc6 {[%emt 0:00:14]} dxc6 {[%emt 0:00:08]} 8. Nxe5 {[%emt 0:00:05]} Be7 {[%emt 0:00:59]} 9. d4 {[%emt 0:05:59]} Nd7 {[%emt 0:11:51]} 10. Qf3 {[%emt 0:08:45]} O-O {[%emt 0:05:15]} 11. Nc3 {[%emt 0:00:37]} Nxe5 {[%emt 0:04:27]} 12. dxe5 {[%emt 0:00:20]} Qd7 {[%emt 0:00:18]} 13. Ne4 {[%emt 0:13:03]} Qf5 {[%emt 0:03:09]} 14. Bf4 {[%emt 0:15:24]} Be6 {[%emt 0:03:08]} 15. h3 {[%emt 0:01:15]} Rad8 {[%emt 0:01:59]} 16. Qe3 {[%emt 0:03:37]} Bb4 {[%emt 0:09:02]} 17. Rec1 {[%emt 0:03:46]} Qg6 {[%emt 0:11:59]} 18. c3 {[%emt 0:15:59]} Ba5 {[%emt 0:01:34]} 19. Re1 {[%emt 0:01:04]} Bb6 {[%emt 0:01:14]} 20. Qf3 {[%emt 0:00:22]} Bd5 {[%emt 0:13:56]} 21. b3 {[%emt 0:01:55]} f5 {[%emt 0:01:31]} 22. exf6 {[%emt 0:01:54]} Rde8 {[%emt 0:00:22]} 23. fxg7 {[%emt 0:15:57]} Kxg7 {[%emt 0:00:54]} 24. Qg3 {[%emt 0:01:29]} Rxe4 {[%emt 0:02:22]} 0-1

[Event "3rd Sharjah Masters 2019"]
[Site "Sharjah"]
[Date "2019.03.26"]
[Round "5.18"]
[White "Praveen Kumar C"]
[Black "Vignesh, N R"]
[Result "0-1"]
[WhiteElo "2243"]
[BlackElo "2476"]
[Annotator "TA"]
[PlyCount "84"]
[EventDate "2019.03.22"]
[EventType "swiss"]
[EventCountry "UAE"]
[SourceTitle "playchess.com"]
[Source "ChessBase"]
[SourceQuality "1"]

{[%evp 16,84,14,11,18,12,47,40,41,40,54,60,62,66,84,82,191,112,163,165,153,151,141,97,111,102,110,105,112,0,80,-7,-7,-7,-6,-7,-6,-6,-4,-24,-17,-24,-12,-22,-11,-87,-70,-78,-69,-106,-77,-292,-308,-306,-299,-294,-307,-306,-300,-308,-296,-289,-293,-1418,-1355,-5410,-354,-354,-354,-346,-348]} 1. d4 Nf6 2. c4 e6 3. Nc3 Bb4 4. f3 d5 5. a3 Bxc3+ 6. bxc3 O-O 7. cxd5 exd5 8. e3 Bf5 9. Ne2 {LiveBook: 47 Games} h5 {E27: Nimzo-Indian: Sämisch: 5...0-0 6 f3} (9... c5 10. g4 Bg6 11. Nf4 Nc6 12. Bg2 Rc8 13. O-O cxd4 14. cxd4 Na5 15. Ra2 Nc4 16. Re2 b5 17. h4 h5 {0-1 (43) Steingrimsson,H (2576)-Mchedlishvili,M (2604) Heraklio 2017}) 10. Ng3 Bh7 (10... Bd7 {seems wilder.} 11. Bd3 c5 12. Rb1 b6 13. O-O Re8) 11. Bd3 Bxd3 {White is slightly better.} 12. Qxd3 Re8 13. O-O c5 $146 ({Predecessor:} 13... Nc6 14. Rb1 Rb8 15. e4 h4 16. Nf5 dxe4 17. fxe4 Nxe4 {1-0 (45) Troia,E (2293)-Catozzi,M (2204) ICCF email 2012}) 14. Rb1 b6 15. e4 c4 (15... cxd4 $16 16. cxd4 dxe4 17. fxe4 Nc6) 16. Qd1 (16. Qe3 $18) 16... h4 (16... Qd7 $16) 17. Nf5 $18 dxe4 18. fxe4 Rxe4 19. Bg5 Nbd7 20. Qf3 Qf8 21. Bxh4 Rae8 22. Rb5 (22. Bg3 $1 $16 {[%cal Rg3d6] And now Bd6 would win.} R8e6 23. Rbd1) 22... g6 (22... R8e6 $11) 23. Bxf6 (23. Bg5 $1 $16) 23... Nxf6 $11 24. Ng3 $132 {[%mdl 2048] White puts up resistance} R4e6 25. a4 Ne4 26. Nxe4 Rxe4 27. Rg5 Qe7 28. Rg3 Re1 29. h3 Kg7 30. Rxe1 (30. Qf4 $11) 30... Qxe1+ {[%mdl 4096] Endgame KQR-KQR} 31. Kh2 Qc1 $1 {Threatens to win with ...Re1.} 32. Rg4 Re1 {Hoping for ...Rf1.} 33. Rf4 $2 {[#]} (33. Re4 $17 {is a better defense.}) 33... f5 $1 $19 ({Weaker is} 33... Rh1+ 34. Kg3 $17) 34. Qb7+ Kh6 35. Qf3 Rh1+ 36. Kg3 Qe1+ 37. Qf2 Qxc3+ 38. Rf3 {[#]} Qc1 $1 {[%cal Rc1g5]} 39. Rf4 $2 (39. Qe3+ Qxe3 40. Rxe3) 39... c3 40. Qe2 Qe1+ $2 (40... Re1 41. Qf3 Re3) 41. Rf2 Qxe2 42. Rxe2 Rd1 {Accuracy: White = 42%, Black = 60%.} 0-1

[Event "3rd Sharjah Masters 2019"]
[Site "Sharjah"]
[Date "2019.03.26"]
[Round "5.19"]
[White "Sadhwani, Raunak"]
[Black "Pranav Vijay"]
[Result "1-0"]
[WhiteElo "2455"]
[BlackElo "2265"]
[Annotator "TA"]
[PlyCount "157"]
[EventDate "2019.03.22"]
[EventType "swiss"]
[EventCountry "UAE"]
[SourceTitle "playchess.com"]
[Source "ChessBase"]
[SourceQuality "1"]

{[%evp 9,156,28,34,29,27,20,87,87,116,116,117,117,116,116,154,137,150,149,158,137,144,150,155,149,149,137,176,151,168,168,202,165,166,155,165,162,186,151,143,154,161,158,167,157,152,147,179,159,150,150,154,156,164,149,147,147,145,146,184,149,141,144,158,171,164,166,147,89,193,191,215,129,253,245,266,266,271,227,225,222,214,188,279,277,320,321,283,279,283,288,263,240,256,272,352,270,301,294,283,54,37,47,104,27,29,29,357,365,480,449,1014,924,1030,1024,1008,1000,1023,1015,1026,1014,1015,983,1175,1152,1120,1028,1168,1483,11769,5612,29975,1344,12796,5122,29979,29981,29982,29981,29981,29982,29994,29993,29993,29994,29997,29996,29997,29998,29999]} 1. e4 e5 2. Nc3 Nf6 3. g3 c6 4. d4 exd4 5. Qxd4 d5 6. Bf4 $146 {C26: Vienna Game: 2...Nf6, sidelines} ({Predecessor:} 6. Nf3 Nbd7 7. exd5 Bc5 8. Qd3 O-O 9. dxc6 Qb6 10. Be3 Bxe3 11. fxe3 bxc6 12. O-O-O {0-1 (31) Lu,S (2615)-Bu,X (2710) Taizhou 2015}) 6... Be6 7. exd5 cxd5 (7... Bxd5 $11 8. O-O-O (8. Nxd5 Qxd5 9. Qxd5 Nxd5 $11) 8... Be7 9. Nxd5 Qxd5 10. Qxd5 Nxd5) 8. Bxb8 $1 $16 {White is better.} Rxb8 9. Bb5+ (9. Qxa7 Bd6 $14) 9... Bd7 10. Bxd7+ ({Much less strong is} 10. Qxa7 $6 Bxb5 11. Nxb5 Rc8 $14) 10... Qxd7 11. O-O-O Rd8 12. Nge2 Be7 13. Nf4 {[%cal Rf4d5]} O-O 14. Nfxd5 Nxd5 15. Nxd5 Bd6 16. Rd2 ({But not} 16. Qxa7 $6 Ra8 $14) 16... Qe6 17. Rhd1 ({Not} 17. Qxa7 Ra8 $15) 17... b6 18. Qe3 Be5 19. Kb1 Rde8 20. h4 h6 21. a3 Qg4 22. Qb3 Bb8 23. Ne3 Qf3 24. Qd5 Qf6 25. Qf5 Qc6 26. Qg4 Be5 27. Nd5 Qe6 28. Qxe6 Rxe6 29. c3 g6 30. Kc2 Rc8 31. Re2 {Black must now prevent f4.} Kg7 32. Rde1 Rce8 {intending ...Bxg3.} 33. Re3 g5 34. hxg5 hxg5 35. a4 g4 36. b4 Kg6 37. Kb3 Kf5 38. Rd3 (38. Rh1 $142) 38... Kg5 (38... Bxg3 $16 39. Rxe6 fxe6 40. fxg3 exd5) 39. c4 $18 Rc8 40. Rde3 f6 (40... Bd4 $16) 41. Rh1 Rec6 42. Re4 Kf5 43. Ree1 Kg5 44. Rc1 {Hoping for Ne7.} Rd8 45. Rcd1 Rcd6 (45... Rdc8 {keeps fighting.}) 46. Rh7 a5 47. b5 Kf5 48. Rg7 Ke4 49. Rxg4+ Kf3 50. Rg7 Kxf2 51. Rd2+ Ke1 52. Rh2 Rxd5 53. cxd5 Rxd5 {[%mdl 4096] Endgame KRR-KRB} 54. Rb7 $2 (54. Rg4 $1 $18) 54... Rd3+ $14 55. Ka2 Rxg3 56. Rxb6 ({White should try} 56. Rbh7 $1 $16) 56... Rg4 $1 $11 57. Rh3 {And now Ka3 would win.} Kd2 $2 {[%mdl 8192]} (57... Rxa4+ $11 {and Black is okay.} 58. Ra3 Rb4 59. Rxa5 Kd2) 58. Ka3 $1 $18 Rd4 59. Rc6 Bd6+ (59... Re4 $142 60. b6 Re1) 60. Kb2 $1 {Intending Rc2+ and mate.} Rb4+ 61. Rb3 $1 Be5+ 62. Ka3 Rh4 63. b6 Rh1 64. Rb5 Kd3 65. Rxa5 Ra1+ 66. Kb4 Rb1+ 67. Kc5 Ke4 68. Re6 Rc1+ 69. Kb5 Kd5 {[#]} 70. Re8 (70. Rxe5+ $142 $1 Kd6 {[#]} (70... Kxe5 71. b7) 71. b7 $3 {[%mdl 512]} Kxe5 72. b8=Q+ Ke4 73. Qh2 Ra1 74. Qd2 Kf3 75. Kc4) 70... Rb1+ 71. Ka6+ Kc6 72. Rb5 {White mates.} Ra1 73. a5 Bf4 74. b7 Bd2 75. Rc8+ Kd7 76. b8=Q Rc1 77. Rd5+ Ke7 78. Qb7+ Ke6 79. Qd7# {Accuracy: White = 74%, Black = 39%.} 1-0

[Event "3rd Sharjah Masters 2019"]
[Site "Sharjah"]
[Date "2019.03.26"]
[Round "5.20"]
[White "Matlakov, Maxim"]
[Black "Shyaamnikhil P"]
[Result "1-0"]
[WhiteElo "2692"]
[BlackElo "2429"]
[Annotator "TA"]
[PlyCount "69"]
[EventDate "2019.03.22"]
[EventType "swiss"]
[EventCountry "UAE"]
[SourceTitle "playchess.com"]
[Source "ChessBase"]
[SourceQuality "1"]

{[%evp 19,69,68,61,36,60,25,66,50,40,47,38,37,55,50,58,47,38,0,10,19,13,18,24,15,92,75,73,98,104,72,162,145,166,162,206,192,226,215,212,219,207,218,408,412,375,387,412,393,367,370,561,549]} 1. c4 c5 2. Nf3 g6 3. d4 Bg7 4. e4 Nc6 5. dxc5 Qa5+ 6. Bd2 Qxc5 7. Nc3 Nf6 8. Be2 {A40: Unusual replies to 1 d4} Qb6 (8... O-O 9. h3 Qb6 10. Qc2 d6 11. O-O Be6 12. Be3 Qa5 13. a3 Rfc8 14. b4 Qd8 15. Rfd1 Qf8 {1-0 (30) Bu,X (2668)-Lu,S (2514) Beijing 2012}) 9. O-O d6 10. h3 O-O {LiveBook: 3 Games} 11. b3 Qd8 $146 ({Predecessor:} 11... Be6 12. Rc1 Rac8 13. Re1 Nd7 14. Bf1 Nde5 15. Ng5 Nd4 {1-0 (29) Guerra Mendez,J (2513)-Zamarbide Inarrea,D (2192) Navarra 2012}) 12. Rc1 b6 13. Re1 Bb7 14. Bf1 Nd7 15. Bg5 h6 16. Be3 Nc5 17. Qd2 Kh7 18. Bf4 e5 19. Be3 f5 20. exf5 gxf5 21. Red1 Ne4 (21... e4 $11 {keeps the balance.} 22. Ne1 Bxc3 23. Rxc3 (23. Qxc3 f4 $11) 23... Qf6) 22. Nxe4 $1 $16 fxe4 23. Qc2 Nb4 {[#]} 24. Qb1 $1 Nd3 {[#]} (24... Qf6 $16) 25. Nd2 $1 $18 {[%cal Bf3d2,Bd2e4,Be4d6][%mdl 32]} Nxc1 26. Nxe4 Kh8 {aiming for ...Nxa2!} 27. Nxd6 Qc7 28. Qxc1 Bc6 29. c5 Rf6 30. b4 {[%cal Bb3b4,Bb4b5,Bb5c6][%mdl 32]} Rb8 $2 (30... Rd8 {keeps fighting.} 31. Qc4 Rfxd6 32. Rxd6 Rxd6) 31. cxb6 axb6 32. b5 Rxd6 33. Rxd6 ({Weaker is} 33. bxc6 Rxd1 34. Qxd1 Qxc6 $14) 33... Qxd6 34. bxc6 Qc7 (34... Rc8 {was called for.} 35. Bb5 e4) 35. Bxh6 {Precision: White = 71%, Black = 25%.} 1-0

[Event "3rd Sharjah Masters 2019"]
[Site "Sharjah"]
[Date "2019.03.26"]
[Round "5.21"]
[White "Akshat, Khamparia"]
[Black "Mareco, Sandro"]
[Result "0-1"]
[WhiteElo "2415"]
[BlackElo "2666"]
[Annotator "TA"]
[PlyCount "72"]
[EventDate "2019.03.22"]
[EventType "swiss"]
[EventCountry "UAE"]
[SourceTitle "playchess.com"]
[Source "ChessBase"]
[SourceQuality "1"]

{[%evp 20,72,9,9,22,16,36,36,45,0,4,0,12,0,129,112,86,-43,-77,-70,-93,-77,-60,-62,-47,-83,-82,-83,-92,-108,-114,-131,-125,-133,-135,-140,-134,-135,-145,-162,-124,-259,-257,-279,-284,-495,-454,-308,-316,-587,-38,-39,-43,-566,-543]} 1. d4 Nf6 2. c4 g6 3. Nc3 d5 4. Qb3 dxc4 5. Qxc4 Bg7 6. e4 O-O 7. Nf3 Be6 {D97: Grünfeld: Russian System: 7 e4, replies other than 7...Bg4} (7... Nc6 8. Be2 e5 9. d5 Nd4 10. Nxd4 exd4 11. Qxd4 c6 12. Qc4 b5 13. Qxc6 Bd7 14. Qd6 Re8 15. Bg5 Rb8 16. a3 {½-½ (31) Giri,A (2783)-Mamedyarov,S (2817) Wijk aan Zee 2019}) 8. d5 Bc8 9. Bf4 c6 10. Rd1 cxd5 11. exd5 {LiveBook: 3 Games} Na6 {[%cal Bb8a6,Ba6c5,Bc5d7,Bd7f6,Bf6g4][%mdl 32]} 12. Be2 Bf5 13. O-O Rc8 14. Qb3 $146 ({Predecessor:} 14. Qb5 Qd7 15. Rfe1 Nc5 16. Qb4 Qd8 17. d6 e6 18. Ne5 Nfd7 19. Nxd7 {½-½ (19) Nirmalya,B (1661)-Mohite,R (2012) Port Blair 2017}) 14... Nc5 15. Qa3 Nfe4 16. Nxe4 Bxe4 {[#]} (16... Nxe4 $11 {remains equal.} 17. Nh4 (17. Qxa7 Bxb2 18. Nd4 Qxd5 $11) 17... Bd7) 17. d6 $1 $16 {[%cal Rd6e7] Threatens to win with dxe7.} e6 18. d7 ({Better is} 18. Bg5 $16 Qd7 19. Be7 (19. Qxa7 Bxb2 20. Qa5 Bg7 $14)) 18... Nxd7 $15 19. Bb5 Bd5 20. Qxa7 Bxb2 21. Qe3 Nf6 22. a4 Ng4 23. Qe2 Bg7 24. h3 Nf6 25. Ne5 Ne4 26. Rc1 g5 27. Bh2 Nc3 28. Qe3 Nxb5 29. axb5 Qe7 30. b6 {[#]} (30. Nf3 $17 {might work better.}) 30... f5 $1 $19 31. f4 Qb4 32. Rc7 $2 (32. Rb1 {keeps fighting.} Rc3 33. Qf2) 32... Bxe5 33. fxe5 f4 34. Bxf4 $2 (34. Qf2) 34... Qb2 $2 ({Black should try} 34... gxf4 $19 35. Rxf4 Qxf4 36. Qxf4 Rxf4 37. Rxc8+ Kf7) 35. Rf2 $1 $15 {[%cal Rf2b2]} gxf4 36. Qxf4 $2 {[%mdl 8192]} (36. Qd3 $15 Qa1+ 37. Rf1 Rxc7 38. Rxa1) 36... Qxf2+ {Precision: White = 36%, Black = 65%.} 0-1

[Event "3rd Sharjah Masters 2019"]
[Site "Sharjah"]
[Date "2019.03.26"]
[Round "5.22"]
[White "Ganguly, Surya Shekhar"]
[Black "Dimakiling, Oliver"]
[Result "1-0"]
[WhiteElo "2633"]
[BlackElo "2423"]
[Annotator "TA"]
[PlyCount "70"]
[EventDate "2019.03.22"]
[EventType "swiss"]
[EventCountry "UAE"]
[SourceTitle "playchess.com"]
[Source "ChessBase"]
[SourceQuality "1"]

{[%evp 19,70,11,11,8,20,14,18,9,38,38,38,49,65,58,83,47,47,50,40,44,62,88,80,89,138,145,190,218,260,261,261,271,278,264,377,381,478,447,449,466,447,469,572,559,760,770,729,656,916,913,848,839,1090]} 1. e4 e5 2. Nf3 Nc6 3. Bc4 Bc5 4. c3 Nf6 5. d3 a6 6. a4 {C54: Giuoco Piano: 4 c3 Nf6, main lines with 5 d4 and 5 d3} O-O 7. O-O h6 8. Re1 Ba7 9. h3 d6 10. Nbd2 Ne7 {LiveBook: 55 Games} (10... Re8 11. b4 Be6 12. Bxe6 Rxe6 13. Bb2 Ne7 14. c4 Ng6 15. Nf1 b5 16. axb5 axb5 {½-½ (43) Radjabov,T (2757)-Kramnik,V (2777) Wijk aan Zee 2019}) 11. Nf1 c6 12. Bb3 {[%cal Bc4b3,Bb3c2,Bc2d3][%mdl 32]} Ng6 13. d4 Re8 14. Ng3 Be6 15. Bc2 {[#]} a5 $146 ({Predecessor:} 15... Qc7) 16. Be3 Qc7 17. Bd3 Rad8 18. Qc2 Bb8 19. Rad1 Qc8 20. c4 exd4 21. Nxd4 Nh4 22. Nxe6 Rxe6 {[#]} 23. f4 $1 Rde8 24. Qf2 Qd8 25. Bb6 {[%cal Be3b6,Bb6a5,Ba5c3,Bc3d4][%mdl 32]} Qe7 26. Bxa5 b6 (26... g5 {is a better defense.} 27. f5 Re5) 27. Bc3 $18 b5 28. cxb5 {White is clearly winning.} cxb5 29. Bxb5 Rc8 30. Bd4 Qb7 31. Kh1 g5 32. fxg5 Nh7 33. Nf5 Nxf5 34. exf5 Rxe1+ 35. Rxe1 Nxg5 {Accuracy: White = 88%, Black = 31%.} 1-0

[Event "3rd Sharjah Masters 2019"]
[Site "Sharjah"]
[Date "2019.03.26"]
[Round "5.23"]
[White "Debashis, Das"]
[Black "Buksa, Nataliya"]
[Result "1/2-1/2"]
[WhiteElo "2532"]
[BlackElo "2416"]
[Annotator "ChessBase"]
[PlyCount "67"]
[EventDate "2019.03.22"]
[EventType "swiss"]
[EventCountry "UAE"]
[SourceTitle "playchess.com"]
[Source "ChessBase"]
[SourceQuality "1"]
[TimeControl "5400+30"]

1. d4 {[%emt 0:00:00]} d5 {[%emt 0:00:00]} 2. c4 {[%emt 0:00:00]} e6 {[%emt 0:00:00]} 3. Nc3 {[%emt 0:00:00]} Be7 {[%emt 0:00:00]} 4. cxd5 {[%emt 0:00:00]} exd5 {[%emt 0:00:00]} 5. Bf4 {[%emt 0:00:00]} Nf6 {[%emt 0:00:00]} 6. e3 {[%emt 0:00:05]} Bf5 {[%emt 0:00:03]} 7. Qb3 {[%emt 0:00:14]} Nc6 {[%emt 0:00:18]} 8. a3 {[%emt 0:00:05]} Na5 {[%emt 0:00:04]} 9. Qa2 {[%emt 0:00:28]} c6 {[%emt 0:00:06]} 10. Nf3 {[%emt 0:01:44]} b5 {[%emt 0:00:07]} 11. Be2 {[%emt 0:07:00]} O-O {[%emt 0:00:05]} 12. Ne5 {[%emt 0:18:21]} Rc8 {[%emt 0:00:05]} 13. O-O {[%emt 0:07:42]} Nc4 {[%emt 0:00:04]} 14. Bd3 {[%emt 0:04:47]} Bxd3 {[%emt 0:09:22]} 15. Nxd3 {[%emt 0:00:08]} a5 {[%emt 0:00:11]} 16. Rad1 {[%emt 0:05:47]} Nh5 {[%emt 0:22:12]} 17. a4 {[%emt 0:01:04]} Nxf4 {[%emt 0:00:57]} 18. Nxf4 {[%emt 0:00:34]} b4 {[%emt 0:02:24]} 19. Nce2 {[%emt 0:01:04]} b3 {[%emt 0:09:50]} 20. Qb1 {[%emt 0:01:43]} Bb4 {[%emt 0:17:13]} 21. Qc1 {[%emt 0:04:01]} Qe7 {[%emt 0:00:33]} 22. Kh1 {[%emt 0:08:04]} Rfd8 {[%emt 0:03:31]} 23. Qa1 {[%emt 0:04:05]} Qe4 {[%emt 0:01:18]} 24. Rd3 {[%emt 0:04:52]} Rb8 {[%emt 0:13:21]} 25. Rfd1 {[%emt 0:02:07]} Bd6 {[%emt 0:00:03]} 26. Rc3 {[%emt 0:02:39]} Rb6 {[%emt 0:03:40]} 27. Kg1 {[%emt 0:03:36]} Rdb8 {[%emt 0:00:59]} 28. Rcd3 {[%emt 0:01:04]} Qe7 {[%emt 0:01:29]} 29. Rc3 {[%emt 0:01:01]} h5 {[%emt 0:03:29]} 30. Rcd3 {[%emt 0:05:59]} Ba3 {[%emt 0:03:32]} 31. Rb1 {[%emt 0:00:25]} Bd6 {[%emt 0:00:21]} 32. Rbd1 {[%emt 0:00:16]} Ba3 {[%emt 0:06:08]} 33. Rb1 {[%emt 0:00:19]} Bd6 {[%emt 0:00:12]} 34. Rbd1 {[%emt 0:04:18]} 1/2-1/2

[Event "3rd Sharjah Masters 2019"]
[Site "Sharjah"]
[Date "2019.03.26"]
[Round "5.24"]
[White "Zou, Chen"]
[Black "Gukesh, D."]
[Result "1-0"]
[WhiteElo "2397"]
[BlackElo "2529"]
[Annotator "ChessBase"]
[PlyCount "73"]
[EventDate "2019.03.22"]
[EventType "swiss"]
[EventCountry "UAE"]
[SourceTitle "playchess.com"]
[Source "ChessBase"]
[SourceQuality "1"]
[TimeControl "5400+30"]

1. e4 c5 2. Nf3 Nc6 3. d4 cxd4 4. Nxd4 Nf6 5. Nc3 e5 6. Ndb5 d6 7. Bg5 a6 8. Na3 b5 9. Bxf6 gxf6 10. Nd5 f5 11. Bxb5 axb5 12. Nxb5 Ra4 13. Nbc7+ Kd7 14. O-O Bb7 15. c4 Rxc4 16. Qb3 Na5 17. Qb5+ Bc6 18. Nb6+ Kxc7 19. Qxa5 Rc5 20. Qa7+ Bb7 21. b4 Rc6 22. Rac1 Qe8 23. Nd5+ Kc8 24. a4 Bh6 25. Rxc6+ Qxc6 26. Ne7+ Kc7 27. Nxc6 Ra8 28. Qxa8 Bxa8 29. b5 fxe4 30. Re1 f5 31. Ne7 f4 32. Rc1+ Kb6 33. Nf5 Bg5 34. h4 Bf6 35. Rc8 e3 36. fxe3 Be4 37. Rf8 1-0